| 000 | 00418nam a2200145Ia 4500 | ||
|---|---|---|---|
| 008 | 231129s2012||||xx |||||||||||||| ||spa|| | ||
| 020 | _a978-84-15208-21-1 | ||
| 040 | _bspa | ||
| 082 | _a(i) 863 B756d | ||
| 100 | _aBoudreau Hélí¨ne 1969- | ||
| 245 | 0 | _aTe desafío a no bostezar | |
| 260 | _c2012 | ||
| 264 | _aAlbolote España : Barbara Fiore Editora | ||
| 942 |
_2ddc _cBKS |
||
| 999 |
_c25031 _d25031 |
||